| 000 | 00000nas 2200000za 4500 |
| 001 | 9.878457 |
| 003 | CaOODSP |
| 005 | 20221107165239 |
| 007 | cr ||||||||||| |
| 008 | 190823d20002003oncar p o f0 b0fre|d |
| 022 | |a1701-6630 |
| 040 | |aCaOODSP|bfre |
| 043 | |an-cn--- |
| 086 | 1 |aTU1-3/1F-PDF |
| 130 | 0 |aSommaire statistique du BST, événements aéronautiques (En ligne) |
| 210 | 0 |aSomm. stat. BST évén. aéronaut. |b(En ligne) |
| 222 | 0|aSommaire statistique du BST, événements aéronautiques |b(En ligne) |
| 245 | 10|aSommaire statistique du BST, événements aéronautiques |h[ressource électronique]. |
| 246 | 3 |aSommaire statistique du Bureau de la sécurité des transports, événements aéronautiques |
| 260 | |a[Ottawa : |bBureau de la sécurité des transports du Canada, |c2001?-2003] |
| 310 | |aAnnuel |
| 362 | 1 |aParaît depuis 2000?; ne paraît plus après 2003. |
| 500 | |aPubl. aussi en anglais sous le titre : TSB statistical summary, aviation occurrences. |
| 692 | 07|2gccst|aAccident d'avion |
| 692 | 07|2gccst|aSécurité aérienne |
| 710 | 2 |aBureau de la sécurité des transports du Canada. |
| 775 | 08|tTSB statistical summary, aviation occurrences |w(CaOODSP)9.878441 |
| 785 | 00|tSommaire statistique des événements aéronautiques |w(CaOODSP)9.502182 |